Estudios arquitectónicos Parroquia Asunción e Iglesia San Jerónimo de la ciudad de Masaya

Presenta un estudio arquitectónico de los principales templos religiosos católico, parroquia la Asunción e iglesia San Jerónimo de la ciudad de Masaya, se realiza un diagnóstico de las condiciones físicas de las características espaciales del inmueble, componentes formales (planimetricos) en...

Full description

Bibliographic Details
Main Authors: Arce Hernández, Claudia patricia, Ñamendy López, Arlen Lizeth
Other Authors: Tutor: Rodríguez Vásquez, Eduardo Antonio
Format: Tesis Section = Libro
Language:Undetermined
Spanish
Published: Managua UNI 2008
Subjects:
LEADER 01247nam a2200253Ia 4500
008 240830s9999 xx 000 0 und d
040 |a BIBLIOTECA-RUSB/ Mon 726.5 A668 
041 |a spa 
082 |a Mon 726.5 A668 
100 1 |a Arce Hernández, Claudia patricia 
100 1 |b  Ñamendy López, Arlen Lizeth 
245 1 0 |a Estudios arquitectónicos Parroquia Asunción e Iglesia San Jerónimo de la ciudad de Masaya 
260 |a Managua  |b UNI  |c 2008 
300 |a 120 p. :il. 
500 |a Contiene: anexos. 
502 |a Tesis (Arquitecto) - UNI, 2008. 
520 3 |a Presenta un estudio arquitectónico de los principales templos religiosos católico, parroquia la Asunción e iglesia San Jerónimo de la ciudad de Masaya, se realiza un diagnóstico de las condiciones físicas de las características espaciales del inmueble, componentes formales (planimetricos) en las plantas arquitectónicas y componentes formales (altimétricos) en las fachadas. 
650 7 |a ARQUITECTURA - EDIFICIOS PARROQUIALES 
650 7 |b  ESTUDIO ARQUITECTONICO - PARROQUIAS 
650 7 |c  ARQUITECTURA RELIGION - PLANOS ARQUITECTONICOS 
700 1 |a Tutor:  |b Rodríguez Vásquez, Eduardo Antonio 
942 |c BK  |2 ddc 
991 |a TESIS 
999 |c 21335